书目信息 |
| 题名: |
中国花卉品种分类学
|
|
| 作者: | 陈俊愉 主编 | |
| 分册: | ||
| 出版信息: | 北京 中国林业出版社 2001 |
|
| 页数: | 407页 | |
| 开本: | 26cm | |
| 丛书名: | ||
| 单 册: | ||
| 中图分类: | S680.23 | |
| 科图分类: | ||
| 主题词: | 花卉--品种--植物分类学--中国 , 花卉 , 品种 , 植物分类学 | |
| 电子资源: | ||
| ISBN: | 7-5038-2607-X | |
| 000 | 00935nam0 2200265 450 | |
| 001 | 1531907597 | |
| 005 | 20150130085214.45 | |
| 010 | @a7-5038-2607-X@dCNY40.00 | |
| 100 | @a20010109d2001 emky0chiy0110 ea | |
| 101 | 0 | @achi |
| 102 | @aCN@b110000 | |
| 105 | @ay z 001yy | |
| 200 | 1 | @a中国花卉品种分类学@9zhong guo hua hui pin zhong fen lei xue@f陈俊愉主编 |
| 210 | @a北京@c中国林业出版社@d2001 | |
| 215 | @a407页@d26cm | |
| 300 | @a国家科学技术学术著作出版基金资助出版 | |
| 330 | @a本书分上下两编。上编综合而概括地叙述了花卉的概念,花卉品种分类学的任务,花卉品种分类学的内容和研究方法等。下编以我国主要花卉为骨架,列出11类,分别介绍了花卉的品种的分类以及起源、分布等有关问题。 | |
| 606 | 0 | @a花卉@x品种@x植物分类学@y中国 |
| 606 | 0 | @a花卉 |
| 606 | 0 | @a品种 |
| 606 | 0 | @a植物分类学 |
| 690 | @aS680.23@v5 | |
| 701 | 0 | @a陈俊愉@9chen jun yu@f(1917~)@4主编 |
| 801 | 0 | @aCN@bTSSF@c20150130 |
| 905 | @aZUCC@dS680.23@eJY54 | |
| 中国花卉品种分类学/陈俊愉主编.-北京:中国林业出版社,2001 |
| 407页;26cm |
| 国家科学技术学术著作出版基金资助出版 |
| ISBN 7-5038-2607-X:CNY40.00 |
| 本书分上下两编。上编综合而概括地叙述了花卉的概念,花卉品种分类学的任务,花卉品种分类学的内容和研究方法等。下编以我国主要花卉为骨架,列出11类,分别介绍了花卉的品种的分类以及起源、分布等有关问题。 |
| ● |
| 相关链接 |
|
|
|
|
正题名:中国花卉品种分类学
索取号:S680.23/JY54
 
预约/预借
| 序号 | 登录号 | 条形码 | 馆藏地/架位号 | 状态 | 备注 |
| 1 | 7862947 | 278629478 | 学院路分馆/ [索取号:S680.23/JY54] | 在馆 | |
| 2 | 7862948 | 278629487 | 学院路分馆/ [索取号:S680.23/JY54] | 在馆 |